LEADER 01188nam a22003375i 4500 001 991002209529707536 007 cr nn 008mamaa 008 121227s1982 gw | s |||| 0|eng d 020 $a9783540394280 035 $ab14138347-39ule_inst 040 $aBibl. Dip.le Aggr. Matematica e Fisica - Sez. Matematica$beng 082 04$a515$223 084 $aAMS 34A 084 $aAMS 34C11 084 $aAMS 34D 084 $aAMS 34H05 100 1 $aPandit, Sudhakar G.$041629 245 10$aDifferential systems involving impulses$h[e-book] /$cby Sudhakar G. Pandit, Sadashiv G. Deo 260 $aBerlin :$bSpringer,$c1982 300 $a1 online resource (102 p.) 440 0$aLecture Notes in Mathematics,$x0075-8434 ;$v954 650 0$aMathematics 650 0$aGlobal analysis (Mathematics) 700 1 $aDeo, Sadashiv G. 773 0 $aSpringer eBooks 856 40$uhttp://dx.doi.org/10.1007/BFb0067476$zAn electronic book accessible through the World Wide Web 907 $a.b14138347$b03-03-22$c05-09-13 912 $a991002209529707536 996 $aDifferential systems involving impulses$9262610 997 $aUNISALENTO 998 $ale013$b05-09-13$cm$d@ $e-$feng$ggw $h0$i0 LEADER 01037nam0 22002771i 450 001 UON00385157 005 20231205104546.872 010 $a88-207-2324-7 100 $a20101020d1993 |0itac50 ba 101 $aita 102 $aIT 105 $a|||| 1|||| 200 1 $aStoria e teologia$eL'itinerario intellettuale di Alfred Loisy (1883-1903)$fRosanna Ciappa 210 $aNapoli$cLiguori Editore$d1993 215 $a194 p.$d22 cm. 316 $aDono del prof. Maisano$5IT-UONSI BIBBIANT/0155 606 $aLOISY, ALFRED$3UONC072893$2FI 620 $aIT$dNapoli$3UONL000012 676 $a220$cBIBBIA$v21 700 1$aCIAPPA$bRosanna$3UONV198510$0318459 801 $aIT$bSOL$c20240220$gRICA 899 $aSIBA - SISTEMA BIBLIOTECARIO DI ATENEO$2UONSI 912 $aUON00385157 950 $aSIBA - SISTEMA BIBLIOTECARIO DI ATENEO$dSI BIBBIA NT 0155 $eSI EO 46012 5 0155 Dono del prof. Maisano 996 $aStoria e teologia$9783750 997 $aUNIOR